header

Peru (Record no. 248044)

MARC details
000 -LEADER
fixed length control field 01263nam a2200337Ia 4500
082 04 - DEWEY DECIMAL CLASSIFICATION NUMBER
Classification number 330.985/0644
245 00 - TITLE STATEMENT
Title Peru
260 ## - PUBLICATION, DISTRIBUTION, ETC. (IMPRINT)
Place of publication Washington, D.C. :
Name of publisher World Bank,
Year of publication 2011.
300 ## - PHYSICAL DESCRIPTION
Number of Pages xxix, 134 p. :
Other physical details ill.
650 #0 - SUBJECT ADDED ENTRY--TOPICAL TERM
Topical Term Economics
856 40 - ELECTRONIC LOCATION AND ACCESS
Uniform Resource Identifier http://site.ebrary.com/lib/rucke/Doc?id=10448630

No items available.

© 2026 Rongo University
Contact us: librarian | system librarian | Rongo university